| 000 | 01784cam a2200493 a 4500 | ||
|---|---|---|---|
| 001 | 22239 | ||
| 003 | VRT | ||
| 005 | 20260323143255.0 | ||
| 008 | 240226s2001 xo gr 000 f slo | ||
| 015 | _aSNBA2002/07-02546 | ||
| 020 |
_a8055102465 _q(viazané) |
||
| 035 | _aSNK000388809 | ||
| 035 | _aurn:nbn:sk:snk-am3iqxj | ||
| 035 | _aED8ED6F3-50BF-497A-AFA9-6D98C081CF85 | ||
| 035 | _aurn:nbn:sk:snk-am00feib | ||
| 039 | 9 |
_a202406230908 _bcsnk01 _c202402261917 _dVLOAD _c202107071203 _dmsnk123 _c202107010829 _dVLOAD |
|
| 040 |
_aSNK _bslo _cSNK _eAACR2 |
||
| 041 | 1 |
_aslo _heng |
|
| 044 |
_axo _cSK |
||
| 072 | 7 |
_a821.111(73)-3 _xAmerická próza _2konspekt |
|
| 080 |
_a820 (73)-3 _21981 |
||
| 080 |
_a821.111(73)-31 _22011 |
||
| 080 |
_a(0:82-312.5) _22011 |
||
| 100 | 1 |
_aBrown, Sandra, _d1948- _4aut |
|
| 240 | 1 | 0 |
_aTidings of great joy _lSlovensky |
| 245 | 1 | 0 |
_aPrílivy rozkoše _cSandra Brownová ; z anglického originálu Tidings of great joy ... preložila Erika Mináriková |
| 260 |
_aBratislava _bIkar _c2001 |
||
| 300 |
_a151 strán _c21 cm |
||
| 500 | _aVydané pre Media klub | ||
| 655 | 7 |
_aľúbostné romány _2SNKPH |
|
| 655 | 7 |
_aamerické romány _2SNKPH |
|
| 700 | 1 |
_aMináriková, Erika, _d1954- _4trl |
|
| 710 | 2 |
_aMedia klub _4pbl |
|
| 942 |
_2ddc _cKLDO _n0 |
||
| 949 |
_6270001000138303 _asvkbbA 105304 _bsvkbbm 643149 _p643.149 |
||
| 949 |
_6273K0120012 _asvkpoA 181839 _bsvkpo453715 |
||
| 949 |
_64710700672 _astrmkB _bstrmk2008/672 |
||
| 949 |
_64710700824 _astrmkB _bstrmk2008/824 |
||
| 949 |
_617A0343172 _asnkSC 108038 _bsnkKSP 5682/2002 _s6100:20201026 |
||
| 949 |
_617A0347226 _asnkSC 108038 D1 _bsnkKSP 7028/2002 |
||
| 949 |
_62889746276 _asavukPV 4653 |
||
| 999 |
_c22239 _d22239 |
||